000 00536nam a22002057a 4500
003 OSt
005 20180920144805.0
008 160209b xxu||||| |||| 00| 0 eng d
020 _a8120309812
040 _cDDC.
082 _a658 STO 2000
100 _aStoner.F.James;Freeman,Edward,Gilbert,Daniel;
_96754
245 _aManagement;
250 _a6th ed.
260 _aNew Delhi;
_bPrentice hall of India.
_c1995
300 _axxv,629p;
_bill;
_c25cm
504 _aincludes index.
650 _aManagement.
_9364
942 _2ddc
_cSLOAN
999 _c3014
_d3014